| 000 | 01176naa a22003377a 4500 | ||
|---|---|---|---|
| 001 | BR7903717 | ||
| 003 | BR-BrBNA | ||
| 005 | 20240918174413.0 | ||
| 007 | ta | ||
| 008 | 230509b bl.||||| |||| 00| 0 por d | ||
| 040 |
_aBR-BrBNA _bpor _cBiblioteca Nacional de Agricultura |
||
| 041 | _a(Pt) | ||
| 072 |
_aF25 _b0336 _b3840 _b3801 |
||
| 090 | _aF25 BR7903717 | ||
| 100 | 1 | _aGoepfert, C.F. | |
| 100 | 1 | _aMoura, R.L. de | |
| 100 | 1 | _aHilgert, E.R. | |
| 111 | 1 |
_a1. Seminario Nacional de Pesquisa de Soja _cLondrina, PR (Brazil) _d24 Sep 1978 |
|
| 245 | 1 | _aResposta de nove cultivares de soja (Glycine max (L.)Merrill), a niveis de fertilidade do solo | |
| 260 | 3 |
_aLondrina, PR (Brasil): _c1979. |
|
| 500 | _aAnais do 1. Seminario Nacional de Pesquisa de Soja Londrina, PR (Brasil): 1979. p. 245-248 (BR7903717-AM)F25 | ||
| 650 | _aFERTILIDADE DO SOLO | ||
| 650 | _aFERTILIZANTE | ||
| 650 | _aSOJA | ||
| 650 | _aVARIEDADE | ||
| 650 | _aADUBACAO | ||
| 650 | _aCALAGEM | ||
| 773 | 0 |
_tAnais do 1. Seminario Nacional de Pesquisa de Soja _b _wF25 BR7903717 _gLondrina, PR (Brasil), 1979. p. 245-248 |
|
| 909 |
_a202404 _bLucia _c55 _dLucia Elande |
||
| 942 |
_cAM _2AGRIS |
||
| 999 |
_c311008 _d311008 |
||